000 00495nam a2200181Ia 4500
003 LDD
008 181101s9999 xx 000 0 und d
020 _a8187231920
_c300.00
040 _cLDD
100 _aHanfi, Shameem
245 0 _aKhayal ki musaafat
_cShameem Hanfi
260 _aDelhi
_bTakhleeqkar Publishers
_c2007
300 _a336p.
901 _a15921
_b17-03-2017
902 _a2841
_b17-03-2017
_cF
_dPIBD
_e8U
903 _a20
_bReqst by : Mohd. Akbar
942 _2ddc
_cUR
999 _c256
_d256